000 00531nam a2200205Ia 4500
005 20250923150116.0
008 008 250917s9999 xx 000 0 eng d
037 _aTextual
040 _aDSWL
_beng
_cDSWL
041 _aeng
_2eng
084 _qDSWL
100 _aNegi, S.S.
_9842325
245 0 _aParticipatory natural resource management
_c by S.S.Negi
260 _aNew Delhi
_b Indus Publication
_c2001
300 _a211p.
365 _aINR
_b350
925 _g350
942 _cTEXL
999 _c1459641
_d1459641